|
|
|
|
| LEADER |
00000nam0a2200000 4500 |
| 001 |
108115 |
| 005 |
20231031115526.0 |
| 010 |
|
|
|a 5267005355
|
| 035 |
|
|
|a (RuTPU)RU\TPU\book\116708
|
| 090 |
|
|
|a 108115
|
| 100 |
|
|
|a 20070115d2001 m y0rusy50 ca
|
| 101 |
1 |
|
|a rus
|c eng
|
| 102 |
|
|
|a RU
|
| 105 |
|
|
|a y z 000ay
|
| 200 |
1 |
|
|a Башня зеленого ангела
|e пер. с англ.
|e роман
|f Т. Уильямс
|
| 210 |
|
|
|a СПб.
|c Азбука
|d 2001
|
| 215 |
|
|
|a 768 с.
|
| 225 |
1 |
|
|a Наследники Толкина
|
| 330 |
|
|
|a Настал час последней битвы. Скольких друзей уже потерял повзрослевший Саймон и скольких еще ему предстоит потерять! Сможет ли он отплатить за их гибель? Сможет ли противопоставить что-нибудь зловещей магии своих могущественных врагов? И вновь ему придется искать единственно верное решение. Но, кажется, все пути ведут в Башню Зеленого ангела.
|
| 610 |
1 |
|
|a американская литература
|
| 610 |
1 |
|
|a романы
|
| 610 |
1 |
|
|a фэнтези
|
| 675 |
|
|
|a 82
|v 3
|
| 700 |
|
1 |
|a Уильямс
|b Т.
|g Тэд
|
| 801 |
|
1 |
|a RU
|b 63413507
|c 20070115
|g PSBO
|
| 801 |
|
2 |
|a RU
|b 63413507
|c 20070126
|g PSBO
|
| 942 |
|
|
|c BK
|